[Event "Deltalift op"]
[Site "Tylosand"]
[Date "2015.05.14"]
[Round "1"]
[White "Abrahamsson, Patrik"]
[Black "Sagit, Rauan"]
[Result "1-0"]
[WhiteElo "1887"]
[BlackElo "2360"]
[PlyCount "44"]
[EventDate "2015.05.14"]
[EventType "swiss"]
[EventRounds "8"]
[EventCountry "SWE"]
[SourceTitle "CBM 166 Extra"]
[Source "ChessBase"]
[SourceDate "2015.06.18"]
[SourceVersion "1"]
[SourceVersionDate "2015.06.18"]
[SourceQuality "1"]

1. e4 c5 2. Nf3 d6 3. d4 cxd4 4. Nxd4 Nf6 5. Nc3 a6 6. Bc4 e6 7. Bb3 Nbd7 8. Be3 Nc5 9. f3 Be7 10. Qd2 Bd7 11. a4 Qc7 12. Ra3 Rc8 13. Ba2 d5 14. exd5 Nd3+ 15. Qxd3 Bxa3 16. dxe6 fxe6 17. Ncb5 axb5 18. Nxb5 Qxc2 19. Qxc2 Rxc2 20. Nxa3 Rxb2 21. Bc4 Nd5 22. Bd4 Rxg2 1-0